000 00706nam a2200229Ia 4500
003 OSt
005 20220923230236.0
006 a|||||r|||| 00| 0
007 ta
008 220922b |||||||| |||| 00| 0 pan d
024 _a278,654
037 _cTextual
040 _aARTS
_cARTS
_bpan
041 _2pan
_apan
082 _aO153,1N15:g, M9;N6
100 _aਸਿੰਘ, ਬ੍ਰਿਜਪਾਲ
_9156272
245 0 _aਬਾਵਾ ਬਲਵੰਤ ; ਜੀਵਨ ਤੇ ਵਿਚਾਰਧਾਰਾ
260 _c1996
650 _aਪੰਜਾਬੀ ਸਾਹਿਤ
942 _hO153,1N15:g, M9;N6
_cTEXL
_2CC
999 _c383447
_d383447